000 00328nam a22001337a 4500
008 210301b ||||| |||| 00| 0 eng d
041 _aeng
080 _a159.9
082 _a159.9
100 _a49
101 _aPSI
245 _aInterpersonal Dynamics Essays and Readings on Human Interaction
_cBennis, W.G
942 _2udc
_cBK
999 _c55361
_d55361